000
00277nam a2200121Ia 4500
005
20251222141857.0
008
251222s9999||||xx |||||||||||||| ||spa||
082
_a
348.023/T75
100
_a
Torres Vásquez, Aníbal
245
0
_a
Código Civil
250
_a
2a.ed.
942
_c
LIB
999
_c
7927
_d
7927